| 000 | 01384cam a22001934a 4500 | ||
|---|---|---|---|
| 005 | 20250605164400.0 | ||
| 008 | 250528s ||||||||||||||||||||||||d | ||
| 035 | _a24557 | ||
| 040 |
_aGR-AtMCL _bgre _dGR-AtMCL _eAACR2 |
||
| 245 | 1 | _aΕπιστήμη και Τεχνολογία Τσιμέντου / Ειδικά Κεφάλαια για το Μάθημα 'Χημεία' 1ου Εξαμήνου Πολιτικών Μηχανικών | |
| 260 |
_aΑθήνα _bΕ.Μ. Πολυτεχνείο, _c2000 |
||
| 300 | _a334 | ||
| 520 | _aΕισαγωγή, Ορολογία Τσιμέντου και Σκυροδέματος, Προτυποποίηση των Κοινών Τσιμέντων, Πρώτες Ύλες στη Βιομηχανία Τσιμέντου, Η Διαδικασία Παραγωγής του Τσιμέντου, Επίδραση της Διαδικασίας Παραγωγής στις Ιδιότητες του Τσιμέντου, Προστασία του Περιβάλλοντος, Ενυδάτωση Τσιμέντου Portland, Σύνθετα Τσιμέντα Portland, Ειδικά Τσιμέντα, Το Σκυρόδεμα, Προσβολή Σκυροδέματος από Χημικές Αιτίες, Βιβλιογραφία. | ||
| 700 | 1 |
_aΤσιβίλης Σ _99469 |
|
| 700 | 1 |
_aΤσίμας Σ _99470 |
|
| 942 | _cBK | ||
| 999 |
_c9431 _d9431 |
||